Pokémon in Legendary Trios - Statistics

General Stats
  • This quiz has been taken 24 times
  • The average score is 5 of 9
Answer Stats
Trio Name Answer % Correct
Legendary Birds Articuno, Moltres, Zapdos
95%
Pokémon of Myth / Creation Trio Dialga, Giratina, Palkia
77%
Legendary Beasts Entei, Raikou, Suicune
64%
Super-Ancient Pokémon Groudon, Kyogre, Rayquaza
64%
Lake Guardians Azelf, Mesprit, Uxie
59%
Tao Trio / Dragon Trio Kyurem, Reshiram, Zekrom
55%
Aura Trio / Life Trio Xerneas, Yveltal, Zygarde
45%
Light Trio Lunala, Necrozma, Solgaleo
41%
The Loyal Three Fezandipiti, Munkidori, Okidogi
23%
No matching quizzes found
Score Distribution
Percent of People with Each Score
Percentile by Number Answered
Your Score History
You have not taken this quiz